[Event "TCh-CHN"]
[Site "Guangzhou CHN"]
[Date "2010.10.13"]
[Round "13"]
[White "Gao, Rui"]
[Black "Ji, Dan"]
[Result "1/2-1/2"]
[WhiteTitle "IM"]
[WhiteElo "2464"]
[BlackElo "2379"]
[WhiteTeam "China Mobile CHONGQING"]
[BlackTeam "Lanpo JIANGSU"]
[WhiteFideId "8602387"]
[BlackFideId "8601887"]
[EventDate "2010.05.23"]

1. e4 c5 2. Nf3 d6 3. d4 cxd4 4. Nxd4 Nf6 5. Nc3 a6 6. Bg5 e6 7. f4 h6 8. Bh4
Nbd7 9. Qf3 Qc7 10. Bd3 b5 11. e5 Bb7 12. Nxe6 Qb6 13. Ne4 dxe5 14. Nxf8 Kxf8
15. Bxf6 gxf6 16. f5 Ke7 17. O-O-O Rad8 18. Qe2 Nc5 19. Nxc5 Qxc5 20. Be4 Bxe4
21. Qxe4 Rxd1+ 22. Rxd1 Rd8 23. Rxd8 Kxd8 24. Kd2 Ke7 25. a3 Kd6 26. Kd3 Qd5+
27. Ke3 Qc5+ 28. Kd3 Qd5+ 29. Ke3 Qc5+ 30. Kf3 Qd5 31. h3 Qxe4+ 32. Kxe4 Kc5 33.
Kd3 a5 34. b3 Kd5 35. c4+ bxc4+ 36. bxc4+ Kc5 37. g4 a4 38. h4 e4+ 39. Kc3 e3
40. Kd3 e2 41. Kxe2 Kxc4 42. Ke3 Kb3 43. Kd3 Kxa3 44. Kc3 Ka2 45. Kc2 a3 46. h5
Ka1 1/2-1/2

[Event "TCh-CHN"]
[Site "Guangzhou CHN"]
[Date "2010.10.13"]
[Round "13"]
[White "Shen, Yang"]
[Black "Huang, Qian"]
[Result "1/2-1/2"]
[WhiteTitle "WGM"]
[BlackTitle "WGM"]
[WhiteElo "2444"]
[BlackElo "2439"]
[WhiteTeam "Lanpo JIANGSU"]
[BlackTeam "China Mobile CHONGQING"]
[WhiteFideId "8603162"]
[BlackFideId "8602689"]
[EventDate "2010.05.23"]

1. d4 Nf6 2. c4 g6 3. Nc3 Bg7 4. e4 d6 5. Nf3 O-O 6. h3 e5 7. d5 a5 8. Bg5 Na6
9. Nd2 Qe8 10. Be2 Bd7 11. g4 c6 12. h4 Qe7 13. Be3 Be8 14. h5 Nd7 15. Nf3 Ndc5
16. Qd2 Bd7 17. Bh6 f6 18. hxg6 hxg6 19. O-O-O g5 20. Qe3 Be8 21. Nd2 Bg6 22.
Nf1 Bxh6 23. Rxh6 Kg7 24. Rxg6+ Kxg6 25. Ng3 Rad8 26. Qf3 Rh8 27. Kb1 Nc7 28.
Rc1 Ne8 29. Nd1 Ng7 30. Ne3 Kf7 31. Nh5 Rdg8 32. Rd1 Nxh5 33. gxh5 g4 34. Qh1
cxd5 35. Nf5 Qc7 36. Rxd5 Rg5 37. h6 Ne6 38. Qd1 Nd4 39. Bxg4 Nxf5 40. Bxf5 Rxh6
41. b3 b6 42. Rxd6 Rh1 43. Rxf6+ Kxf6 44. Qxh1 Qg7 45. Qh4 Ke7 46. f3 Kd6 47.
Bg4 Kc7 48. Kc2 Rg6 49. Qh5 Kb7 50. Qf5 Rc6 51. a4 Qe7 52. f4 exf4 53. e5 Ka7
54. Qxf4 Rc5 55. e6 Qh7+ 56. Kc3 Qg7+ 57. Qd4 Rc7 58. Qxg7 Rxg7 59. Bh5 Re7 60.
Bf7 Kb7 61. Kd4 Kc6 62. Ke5 Kc5 63. Bg6 Kc6 64. Bf5 Kc5 65. Be4 Rc7 66. Bd5 Re7
67. Bf3 Rc7 68. Bh5 Re7 69. Bg4 Kc6 70. Bh5 Kc5 71. Bf7 Kc6 72. Bg8 Kc5 73. Bf7
Kc6 74. Bg6 Kc5 75. Bf5 Kc6 1/2-1/2

[Event "TCh-CHN"]
[Site "Guangzhou CHN"]
[Date "2010.10.13"]
[Round "13"]
[White "Tan, Zhongyi"]
[Black "Guo, Qi"]
[Result "0-1"]
[WhiteTitle "WGM"]
[WhiteElo "2464"]
[BlackElo "2143"]
[WhiteTeam "China Mobile CHONGQING"]
[BlackTeam "Lanpo JIANGSU"]
[WhiteFideId "8603642"]
[BlackFideId "8604002"]
[EventDate "2010.05.23"]

1. d4 e6 2. c4 Nf6 3. Nc3 Bb4 4. Qc2 d5 5. a3 Bxc3+ 6. Qxc3 Ne4 7. Qc2 Nc6 8.
Nf3 e5 9. dxe5 Bf5 10. cxd5 Qxd5 11. Qd3 Qe6 12. Qb5 O-O-O 13. e3 Rd5 14. Qa4
Rhd8 15. Be2 Nc5 16. Qh4 Qg6 17. O-O Nb3 18. Qf4 Be6 19. e4 Rd4 20. Nh4 Qxe4 0-1

[Event "TCh-CHN"]
[Site "Guangzhou CHN"]
[Date "2010.10.13"]
[Round "13"]
[White "Liang, Chong"]
[Black "Li, Chao b"]
[Result "0-1"]
[WhiteTitle "GM"]
[BlackTitle "GM"]
[WhiteElo "2502"]
[BlackElo "2613"]
[WhiteTeam "GUANGDONG Huateng"]
[BlackTeam "BEIJING Aigo"]
[WhiteFideId "8600899"]
[BlackFideId "8604436"]
[EventDate "2010.05.23"]

1. d4 Nf6 2. c4 g6 3. Nc3 d5 4. Bg5 Ne4 5. Nf3 Nxg5 6. Nxg5 e5 7. h4 Bg7 8. dxe5
d4 9. Nd5 Bxe5 10. Qd2 O-O 11. h5 Bg7 12. hxg6 hxg6 13. Qf4 f6 14. Qe4 Nc6 15.
Nf3 Ne5 16. Nxe5 fxe5 17. g4 c6 18. Nb4 Qg5 19. Nd3 Qxg4 20. Bg2 Qg5 21. Rh2 Be6
22. Rc1 Bf5 23. Qh4 Qxh4 24. Rxh4 Bf6 25. Re4 Rae8 26. Kf1 Kg7 27. Bf3 Rh8 28.
Nc5 b6 29. Nd3 c5 30. Kg2 Bxe4 31. Bxe4 Rh4 32. f3 Reh8 33. Rg1 Bg5 34. Kf1 Be3
35. Rxg6+ Kf7 36. Nxe5+ Ke7 37. Kg2 Rh2+ 38. Kg3 R8h3+ 39. Kg4 Rh4+ 0-1

[Event "TCh-CHN"]
[Site "Guangzhou CHN"]
[Date "2010.10.13"]
[Round "13"]
[White "Wang, Jue"]
[Black "Kuang, Yinghui"]
[Result "1-0"]
[BlackTitle "WIM"]
[WhiteElo "2180"]
[BlackElo "2202"]
[WhiteTeam "BEIJING Aigo"]
[BlackTeam "GUANGDONG Huateng"]
[WhiteFideId "8604070"]
[BlackFideId "8600988"]
[EventDate "2010.05.23"]

1. e4 e5 2. Nf3 Nc6 3. Bb5 Bc5 4. O-O Qf6 5. c3 Nge7 6. Re1 a6 7. Ba4 h6 8. d4
Ba7 9. Be3 b5 10. Bb3 d6 11. a4 bxa4 12. Rxa4 O-O 13. h3 Bb6 14. Nbd2 Na5 15.
Bc2 c5 16. Qa1 cxd4 17. cxd4 exd4 18. Nxd4 Bd7 19. Rb4 Bd8 20. Ba4 Nec6 21. Nxc6
Bxc6 22. Bd4 Qe7 23. b3 f6 24. Bxc6 Nxc6 25. Ra4 Qb7 26. Rc1 Ne5 27. Qc3 Rf7 28.
Rb4 Qd7 29. Ra4 Qb7 30. b4 Qb5 31. Qb3 Nc6 32. Be3 Rb8 33. Nc4 Be7 34. Rd1 Nxb4
35. Nxd6 Bxd6 36. Rxd6 Nc6 37. Qd1 a5 38. Kh2 Nb4 39. Rd8+ Kh7 40. Rxb8 Qxb8+
41. g3 Qe5 42. Qd8 Re7 43. Rxa5 Qxe4 44. Ra4 Rb7 45. Qd2 Qe7 46. Qc3 f5 47. Qc1
Qe4 48. Qc8 Qc2 49. Qxb7 Qxa4 50. Bd4 1-0

[Event "TCh-CHN"]
[Site "Guangzhou CHN"]
[Date "2010.10.13"]
[Round "13"]
[White "Zhai, Mo"]
[Black "Ju, Wenjun"]
[Result "1/2-1/2"]
[WhiteTitle "WFM"]
[BlackTitle "WGM"]
[WhiteElo "2110"]
[BlackElo "2500"]
[WhiteTeam "HEBEI"]
[BlackTeam "SHANGHAI Jianqiao"]
[WhiteFideId "8600201"]
[BlackFideId "8603006"]
[EventDate "2010.05.23"]

1. e4 c5 2. Nf3 d6 3. d4 cxd4 4. Nxd4 Nf6 5. Nc3 a6 6. Be2 e5 7. Nb3 Be7 8. O-O
O-O 9. Re1 Be6 10. Bf3 Qc7 11. a4 Nc6 12. Nd5 Bxd5 13. exd5 Na5 14. Nxa5 Qxa5
15. Bd2 Qb6 16. Re3 a5 17. Rb3 Qc7 18. Be3 Nd7 19. g4 b6 20. Qe2 Nc5 21. Bxc5
bxc5 22. Rb5 Bh4 23. Be4 g6 24. Ra3 Qe7 25. Qd2 Bg5 26. Qe2 Bf4 27. Bg2 Kh8 28.
Rab3 Qg5 29. Rb7 Rae8 30. Ra7 e4 31. Bxe4 Bxh2+ 32. Kxh2 Qf4+ 33. Kh3 Rxe4 34.
Qf3 Rxa4 35. Qxf4 Rxf4 36. Kg3 Rd4 37. c4 Rxc4 38. Rd7 Rb4 39. Rxb4 axb4 40.
Rxd6 Kg7 41. Rc6 Re8 42. Rxc5 Re2 43. d6 Rd2 44. Rc4 b3 45. Rc3 Rxd6 46. Rxb3
Rd5 47. Rb6 h5 48. gxh5 Rxh5 49. b4 Rd5 50. b5 Rd3+ 51. Kf4 Rb3 52. f3 Kh6 53.
Rb7 f5 54. b6 Rb4+ 55. Ke5 Kg5 56. Rb8 Rb5+ 57. Kd6 Kf4 58. Kc6 Rb1 59. Rg8 Kxf3
60. b7 f4 61. b8=Q Rxb8 62. Rxb8 Kg3 63. Kd5 f3 64. Rg8 f2 65. Rxg6+ Kh2 66. Rf6
Kg2 1/2-1/2

[Event "TCh-CHN"]
[Site "Guangzhou CHN"]
[Date "2010.10.13"]
[Round "13"]
[White "Zhang, Xiaowen"]
[Black "Wang, Doudou"]
[Result "1/2-1/2"]
[WhiteTitle "WGM"]
[WhiteElo "2437"]
[BlackElo "2225"]
[WhiteTeam "SHANGHAI Jianqiao"]
[BlackTeam "HEBEI"]
[WhiteFideId "8603219"]
[BlackFideId "8603197"]
[EventDate "2010.05.23"]

1. e4 e5 2. Nf3 Nc6 3. Bb5 a6 4. Ba4 Nf6 5. O-O b5 6. Bb3 Bc5 7. a4 Bb7 8. d3
O-O 9. Bg5 h6 10. Bh4 g5 11. Bg3 d6 12. Nc3 Na5 13. Ba2 b4 14. Nd5 Nxd5 15. exd5
f5 16. h3 Qf6 17. c3 bxc3 18. bxc3 Bb6 19. Kh1 Rae8 20. Nd2 Qg6 21. Bh2 Bc8 22.
Bb1 h5 23. Bg1 g4 24. Qe2 f4 25. f3 gxh3 26. Bxb6 hxg2+ 27. Qxg2 Qxg2+ 28. Kxg2
cxb6 29. Rh1 Kf7 30. Ne4 Nb7 31. Bc2 Bf5 32. Rab1 Bxe4 33. dxe4 Nc5 34. Rxb6 Rb8
35. Rhb1 Rxb6 36. Rxb6 Ke7 37. Bd1 Ra8 38. a5 Kd7 39. Be2 Ra7 40. Kh3 Rb7 41.
Bb5+ Ke7 42. Rxb7+ Nxb7 43. Bxa6 Nxa5 44. Kh4 1/2-1/2

[Event "TCh-CHN"]
[Site "Guangzhou CHN"]
[Date "2010.10.13"]
[Round "13"]
[White "Zhao, Jun"]
[Black "Li, Haoyu"]
[Result "1-0"]
[WhiteTitle "GM"]
[WhiteElo "2575"]
[BlackElo "2369"]
[WhiteTeam "SHANGDONG Linglong"]
[BlackTeam "TIANJIN Nan Kai"]
[WhiteFideId "8602522"]
[BlackFideId "8601488"]
[EventDate "2010.05.23"]

1. d4 Nf6 2. Nf3 e6 3. c4 d5 4. Nc3 Be7 5. Bg5 Nbd7 6. e3 O-O 7. Qb3 c6 8. Bd3
b6 9. O-O Bb7 10. cxd5 cxd5 11. Rac1 Rc8 12. Bf4 Ne4 13. Nb5 Rxc1 14. Rxc1 a6
15. Nc7 g5 16. Bg3 Nxg3 17. hxg3 b5 18. a4 Bd6 19. Qc2 Qe7 20. axb5 Rc8 21. bxa6
Rxc7 22. Qd1 Ba8 23. Rxc7 Bxc7 24. Qc2 Bb6 25. Bb5 Qd8 26. Qa4 Nf8 27. Bc6 f6
28. Ne1 Ng6 29. Nd3 Kf7 30. Nc5 Ne7 31. Bxa8 Qxa8 32. Nb7 Kf8 33. Qb5 Ba7 34. b4
Qc8 35. Nc5 Kf7 36. Qd3 f5 37. g4 Kg6 38. gxf5+ exf5 39. Qe2 g4 40. Qb5 Qc6 41.
Qa5 Kf7 42. Nd3 Ng6 43. b5 Qd6 44. Qc3 Qd7 45. Qb3 Bb6 46. Nc5 Qd6 47. Nb7 Qd7
48. Nc5 Qd6 49. Na4 Ne7 50. Nxb6 Qxb6 51. Qa2 1-0

[Event "TCh-CHN"]
[Site "Guangzhou CHN"]
[Date "2010.10.13"]
[Round "13"]
[White "Ma, Qun"]
[Black "Wen, Yang"]
[Result "1-0"]
[BlackTitle "GM"]
[WhiteElo "2369"]
[BlackElo "2520"]
[WhiteTeam "TIANJIN Nan Kai"]
[BlackTeam "SHANGDONG Linglong"]
[WhiteFideId "8603154"]
[BlackFideId "8602956"]
[EventDate "2010.05.23"]

1. e4 e5 2. Nf3 Nc6 3. Bb5 a6 4. Ba4 Nge7 5. c3 g6 6. d4 exd4 7. cxd4 Bg7 8. d5
b5 9. Bc2 Nb4 10. O-O O-O 11. Nc3 Nxc2 12. Qxc2 d6 13. Be3 Bg4 14. Nd4 Rc8 15.
f3 Bd7 16. Qd2 c5 17. dxc6 Nxc6 18. Rad1 Nxd4 19. Bxd4 Bxd4+ 20. Qxd4 Be6 21. a3
Rc6 22. Rd2 Qe7 23. Rfd1 Bb3 24. Re1 Re8 25. g3 h5 26. h4 Qe5 27. Kg2 Rec8 28.
f4 Qxd4 29. Rxd4 a5 30. Re2 Rb6 31. Red2 Kf8 32. Kf3 b4 33. axb4 axb4 34. Ne2
Be6 35. Ke3 Ke7 36. f5 gxf5 37. exf5 Bxf5 38. Nf4 Be6 39. Nxh5 b3 40. Nf4 Rc1
41. Nd5+ Bxd5 42. Rxd5 Ke6 43. R5d3 f5 44. Re2 Rc2 45. Rdd2 Rc5 46. Rd3 Rc2 47.
Rdd2 Rc5 48. Rd4 Re5+ 49. Kf3 d5 50. Red2 Rb5 51. h5 Re4 52. h6 Rxd4 53. Rxd4
Ke5 54. h7 Rb8 55. Rh4 Rh8 56. Ke3 Kf6 57. Kd4 Kg5 58. Kxd5 f4 59. Rxf4 Rxh7 60.
Rf3 Rc7 61. Rxb3 Rc2 62. Rb4 Rg2 63. g4 Rc2 64. Kd4 Rg2 65. Kc5 Rc2+ 66. Kb5 Kf6
67. Ka4 Ke6 68. Rb6+ Kd5 69. b4 Rg2 70. g5 Kc4 71. Rc6+ Kd5 72. Kb5 Rg3 73. Kb6 1-0

[Event "TCh-CHN"]
[Site "Guangzhou CHN"]
[Date "2010.10.13"]
[Round "13"]
[White "Ding, Yixin"]
[Black "Li, Xueyi"]
[Result "1-0"]
[WhiteTitle "WFM"]
[WhiteElo "2315"]
[BlackElo "1957"]
[WhiteTeam "ZHEJIANG"]
[BlackTeam "BEIJING Rendafuzhong"]
[WhiteFideId "8602972"]
[BlackFideId "8605912"]
[EventDate "2010.05.23"]

1. e4 c6 2. d4 d5 3. Nc3 dxe4 4. Nxe4 Bf5 5. Ng3 Bg6 6. Nf3 Nd7 7. h4 h6 8. h5
Bh7 9. Bd3 Bxd3 10. Qxd3 Ngf6 11. Bf4 Qa5+ 12. Bd2 Qc7 13. O-O-O e6 14. Ne4 Nxe4
15. Qxe4 Nf6 16. Qe2 O-O-O 17. g3 Rd5 18. Bf4 Qa5 19. c4 Rxh5 20. Ne5 Rxh1 21.
Rxh1 Bd6 22. Nxf7 Bxf4+ 23. gxf4 Qxa2 24. Re1 Rg8 25. Qxe6+ Kb8 26. Nd6 Qa5 27.
Re3 Rd8 28. Rb3 Rd7 29. Qe5 Qxe5 30. fxe5 Ng8 31. Rf3 Kc7 32. Rf8 Rd8 33. Rf7+
Kb6 34. Rxb7+ Ka6 35. Rxg7 Rf8 36. e6 h5 37. Rf7 Rd8 38. c5 h4 39. Rf3 1-0

[Event "TCh-CHN"]
[Site "Guangzhou CHN"]
[Date "2010.10.13"]
[Round "13"]
[White "Xu, Ruoying"]
[Black "Wang, Xiaohui"]
[Result "0-1"]
[WhiteElo "2028"]
[BlackElo "2238"]
[WhiteTeam "BEIJING Rendafuzhong"]
[BlackTeam "ZHEJIANG"]
[WhiteFideId "8603707"]
[BlackFideId "8603073"]
[EventDate "2010.05.23"]

1. d4 Nf6 2. c4 e5 3. d5 Bc5 4. e3 d6 5. Nc3 O-O 6. a3 a5 7. Bd3 Ne8 8. Ne4 Ba7
9. h4 f5 10. Ng5 Nf6 11. N1h3 Qe7 12. Be2 h6 13. Nf3 Bd7 14. b4 Na6 15. c5 axb4
16. Bxa6 bxa6 17. c6 Bc8 18. axb4 Qf7 19. Nxe5 dxe5 20. d6 cxd6 21. Qxd6 Qd5 22.
Qc7 Rf7 23. Qa5 Qxg2 24. Rg1 Qxh3 25. Qxe5 Qxh4 26. Bb2 Qxb4+ 27. Bc3 Qc5 28.
Rd1 Qxe5 29. Bxe5 Bb6 30. Rg6 Bc7 31. f4 Kh7 32. Rg1 Bxe5 33. fxe5 Ng4 0-1

[Event "TCh-CHN"]
[Site "Guangzhou CHN"]
[Date "2010.10.14"]
[Round "14"]
[White "Yu, Ruiyuan"]
[Black "Ji, Dan"]
[Result "1/2-1/2"]
[WhiteElo "2309"]
[BlackElo "2379"]
[WhiteTeam "BEIJING Rendafuzhong"]
[BlackTeam "Lanpo JIANGSU"]
[WhiteFideId "8603090"]
[BlackFideId "8601887"]
[EventDate "2010.05.23"]

1. e4 c5 2. Nf3 e6 3. d4 cxd4 4. Nxd4 Nf6 5. Nc3 d6 6. Be2 a6 7. O-O Qc7 8. f4
Nc6 9. Be3 Be7 10. a4 O-O 11. Kh1 Bd7 12. Nb3 Na5 13. e5 Ne8 14. Nxa5 Qxa5 15.
Bf3 Bc6 16. Bxc6 bxc6 17. Qf3 dxe5 18. Qxc6 Rb8 19. fxe5 Rxb2 20. Nd1 Rb8 21.
Bd4 Nc7 22. Ne3 Nd5 23. Nxd5 Qxd5 24. Qxd5 exd5 25. Rfb1 Rfc8 26. c3 Kf8 27. Kg1
Bd8 28. Kf2 Ke7 29. Ke3 Ke6 30. Kd3 Ba5 31. h3 h5 32. g4 hxg4 33. hxg4 Rh8 34.
Rxb8 Rxb8 35. Rh1 Bc7 36. Rh7 Rg8 37. Rh5 Rb8 38. Rh7 Rg8 1/2-1/2

[Event "TCh-CHN"]
[Site "Guangzhou CHN"]
[Date "2010.10.14"]
[Round "14"]
[White "Cai, Jiaying"]
[Black "Ding, Yixin"]
[Result "0-1"]
[BlackTitle "WFM"]
[WhiteElo "2068"]
[BlackElo "2315"]
[WhiteTeam "TIANJIN Nan Kai"]
[BlackTeam "ZHEJIANG"]
[WhiteFideId "8604312"]
[BlackFideId "8602972"]
[EventDate "2010.05.23"]

1. e4 c5 2. Nf3 d6 3. d4 cxd4 4. Nxd4 Nf6 5. Nc3 a6 6. Be2 e5 7. Nb3 Be7 8. Be3
O-O 9. g4 Be6 10. g5 Nfd7 11. Qd2 a5 12. h4 a4 13. Nc1 a3 14. b3 Nc6 15. Nd3 f5
16. gxf6 Nxf6 17. Rg1 Rc8 18. O-O-O Kh8 19. f3 Qe8 20. Kb1 Nd4 21. Bxd4 exd4 22.
Na4 Bd8 23. Nf4 Bg8 24. Qxd4 b5 25. Nc3 Qc6 26. Bxb5 Qxc3 27. Qxc3 Rxc3 28. Rd3
Rxd3 29. Nxd3 Nh5 30. e5 dxe5 31. Nxe5 Rf5 32. Nc6 Bf6 33. Be2 Nf4 34. Bf1 Bc3
35. b4 Bd5 36. b5 Bxc6 37. bxc6 Rc5 38. Rg4 Bd2 0-1

[Event "TCh-CHN"]
[Site "Guangzhou CHN"]
[Date "2010.10.14"]
[Round "14"]
[White "Bu, Xiangzhi"]
[Black "Zhou, Jianchao"]
[Result "0-1"]
[WhiteTitle "GM"]
[BlackTitle "GM"]
[WhiteElo "2682"]
[BlackElo "2650"]
[WhiteTeam "SHANGDONG Linglong"]
[BlackTeam "SHANGHAI Jianqiao"]
[WhiteFideId "8601445"]
[BlackFideId "8603537"]
[EventDate "2010.05.23"]

1. c4 c5 2. Nf3 Nc6 3. d4 cxd4 4. Nxd4 Nf6 5. Nc3 e6 6. a3 Be7 7. e4 O-O 8. Be2
Qc7 9. Nf3 b6 10. O-O Bb7 11. Bg5 a6 12. Rc1 Ng4 13. Bxe7 Nxe7 14. h3 Nf6 15. e5
Ne8 16. Qd4 Ng6 17. Ne4 f5 18. exf6 Nxf6 19. Nd6 e5 20. Qd2 Nf4 21. Nxb7 Qxb7
22. Qe3 Nxe2+ 23. Qxe2 Nh5 24. Qe3 Nf4 25. Kh2 Rf6 26. Ne1 Re8 27. Rd1 Qc6 28.
b3 d6 29. Rd2 b5 30. Rc2 Ne6 31. Nd3 a5 32. Rcc1 Nd4 33. cxb5 Qxb5 34. b4 Qd5
35. Rcd1 Ref8 36. f3 axb4 37. Nxb4 Qa8 38. Rd3 Rg6 39. Rf2 Qd8 40. Nd5 Kh8 41.
f4 Qh4 42. g3 Qd8 43. g4 Qa8 44. f5 Qxd5 45. fxg6 Rxf2+ 46. Qxf2 hxg6 47. Rc3 g5
48. Rc8+ Kh7 49. Rf8 e4 50. Rf5 Qc4 51. Qf1 Qa2+ 52. Qf2 Qxf2+ 53. Rxf2 e3 0-1

[Event "TCh-CHN"]
[Site "Guangzhou CHN"]
[Date "2010.10.14"]
[Round "14"]
[White "Wen, Yang"]
[Black "Lou, Yiping"]
[Result "1/2-1/2"]
[WhiteTitle "GM"]
[WhiteElo "2520"]
[BlackElo "2429"]
[WhiteTeam "SHANGDONG Linglong"]
[BlackTeam "SHANGHAI Jianqiao"]
[WhiteFideId "8602956"]
[BlackFideId "8603928"]
[EventDate "2010.05.23"]

1. d4 Nf6 2. c4 g6 3. Nf3 c6 4. g3 Bg7 5. Bg2 d5 6. cxd5 cxd5 7. Nc3 O-O 8. Ne5
Nc6 9. O-O Bf5 10. Nxc6 bxc6 11. Bf4 Nd7 12. Qd2 e5 13. dxe5 Nxe5 14. b3 Re8 15.
Rac1 Rc8 16. Rfd1 Qe7 17. Na4 Nd7 18. Be3 Nf6 19. Re1 Ne4 20. Bxe4 dxe4 21. Bc5
Rcd8 22. Qe3 Qd7 23. Bxa7 Qd2 24. Bb6 Bh6 25. Qxd2 Rxd2 26. Nc3 Bg7 27. a4 Rb2
28. a5 Rxb3 29. Na4 Rb4 30. Nc5 e3 31. Nd3 exf2+ 32. Kxf2 Ra4 33. Rxc6 Ra2 34.
Nf4 Be5 35. Nd5 Be4 36. Nf6+ Bxf6 37. Rxf6 Bd3 38. Be3 Bb5 39. Rd6 Rxa5 40. Rd5
Rxe3 41. Rxb5 1/2-1/2

[Event "TCh-CHN"]
[Site "Guangzhou CHN"]
[Date "2010.10.14"]
[Round "14"]
[White "Wang, Hao"]
[Black "Li, Shilong"]
[Result "1-0"]
[WhiteTitle "GM"]
[BlackTitle "GM"]
[WhiteElo "2715"]
[BlackElo "2514"]
[WhiteTeam "HEBEI"]
[BlackTeam "GUANGDONG Huateng"]
[WhiteFideId "8602883"]
[BlackFideId "8600678"]
[EventDate "2010.05.23"]

1. e4 c5 2. Nf3 d6 3. d4 cxd4 4. Nxd4 Nf6 5. Nc3 e6 6. Be3 Be7 7. f3 O-O 8. Qd2
e5 9. Nb3 Be6 10. O-O-O a5 11. Bb5 Na6 12. Qf2 Nc7 13. Bb6 Qc8 14. Ba4 Rd8 15.
g4 Nd7 16. Bxd7 Rxd7 17. a4 Na6 18. Kb1 Bd8 19. Bxd8 Qxd8 20. Nd5 Bxd5 21. Rxd5
b6 22. Rhd1 Rc8 23. Rb5 Rc6 24. Qd2 Qe8 25. f4 Re7 26. fxe5 dxe5 27. Rd5 Rc8 28.
Rd8 Rxd8 29. Qxd8 Nc7 30. Qd6 Ne6 31. Qxb6 Qxa4 32. Nc5 Nxc5 33. Rd8+ Re8 34.
Qb8 1-0

[Event "TCh-CHN"]
[Site "Guangzhou CHN"]
[Date "2010.10.14"]
[Round "14"]
[White "Liang, Chong"]
[Black "Zhang, Pengxiang"]
[Result "1/2-1/2"]
[WhiteTitle "GM"]
[BlackTitle "GM"]
[WhiteElo "2502"]
[BlackElo "2605"]
[WhiteTeam "GUANGDONG Huateng"]
[BlackTeam "HEBEI"]
[WhiteFideId "8600899"]
[BlackFideId "8600970"]
[EventDate "2010.05.23"]

1. d4 d5 2. Bf4 Nf6 3. e3 Bg4 4. f3 Bc8 5. Bd3 e6 6. Nd2 c5 7. c3 Nc6 8. Bg3 Be7
9. f4 Bd7 10. Qe2 Qb6 11. Rb1 g6 12. Bh4 Qc7 13. Nh3 Ng8 14. Bxe7 Ncxe7 15. O-O
c4 16. Bc2 f5 17. Nf3 Nf6 18. Ne5 Nc6 19. Ng5 Nxe5 20. dxe5 Ne4 21. Nf3 Nc5 22.
Nd4 Qd8 23. b4 Nd3 24. Bxd3 cxd3 25. Qxd3 Rc8 26. Rfc1 Rc4 27. Nb3 Qb6 28. Kh1
Bb5 29. a4 Bxa4 30. Nd2 Rc8 31. b5 Qc5 32. Nf3 Qc4 33. Qd2 Bxb5 34. Nd4 Bd7 35.
Rxb7 Rc7 36. Rb8+ Rc8 37. Rb7 Rc7 38. Rb8+ Rc8 39. Rb7 1/2-1/2

[Event "TCh-CHN"]
[Site "Guangzhou CHN"]
[Date "2010.10.14"]
[Round "14"]
[White "Le, Thanh Tu"]
[Black "Wang, Doudou"]
[Result "1-0"]
[WhiteTitle "WGM"]
[WhiteElo "2318"]
[BlackElo "2225"]
[WhiteTeam "GUANGDONG Huateng"]
[BlackTeam "HEBEI"]
[WhiteFideId "12401005"]
[BlackFideId "8603197"]
[EventDate "2010.05.23"]

1. d4 Nf6 2. c4 g6 3. Nc3 Bg7 4. e4 d6 5. Nf3 O-O 6. h3 e5 7. d5 a5 8. Bg5 Na6
9. g4 Nc5 10. Nd2 h6 11. Be3 Ne8 12. Nb3 Nxb3 13. Qxb3 f5 14. gxf5 gxf5 15. exf5
Bxf5 16. O-O-O b6 17. Be2 Qh4 18. Rdg1 Rd8 19. Qd1 Kh8 20. Rg3 Rd7 21. Rhg1 Rdf7
22. Bh5 Qxc4 23. Bxf7 Rxf7 24. Qd2 Kh7 25. Qe2 Qxe2 26. Nxe2 Bd3 27. Nc3 Ba6 28.
Kc2 Nf6 29. Rd1 1-0

[Event "TCh-CHN"]
[Site "Guangzhou CHN"]
[Date "2010.10.14"]
[Round "14"]
[White "Zhai, Mo"]
[Black "Kuang, Yinghui"]
[Result "0-1"]
[WhiteTitle "WFM"]
[BlackTitle "WIM"]
[WhiteElo "2110"]
[BlackElo "2202"]
[WhiteTeam "HEBEI"]
[BlackTeam "GUANGDONG Huateng"]
[WhiteFideId "8600201"]
[BlackFideId "8600988"]
[EventDate "2010.05.23"]

1. e4 e5 2. Nf3 Nc6 3. Bb5 Bc5 4. c3 Qf6 5. O-O Nge7 6. d4 exd4 7. Bg5 Qg6 8.
Bxe7 Bxe7 9. cxd4 a6 10. Bd3 Nb4 11. Bc4 O-O 12. d5 a5 13. Nc3 d6 14. a3 Na6 15.
Nd4 Bf6 16. f4 Nc5 17. Re1 Bh3 18. g3 Rfe8 19. f5 Qh6 20. Ndb5 Re7 21. e5 Bxe5
22. b4 axb4 23. axb4 Rxa1 24. Qxa1 Na6 25. Qd1 Bxf5 26. Bf1 Qg5 27. Qf3 g6 28.
Ne4 Bxe4 29. Rxe4 f5 30. Rh4 Qd2 31. Rc4 Bg7 32. h3 Qe1 33. Kg2 h5 34. Qf4 Qd1
35. Qg5 Kf7 36. g4 Qxd5+ 37. Kg1 hxg4 38. hxg4 Bf6 39. Qh6 Qxb5 40. gxf5 Qxf5
41. Rf4 Qe5 42. Qh7+ Ke8 43. Qxg6+ Kd8 44. Rxf6 Qd4+ 45. Kh2 Qh4+ 46. Kg1 Qh8
47. Kf2 Nb8 48. Bg2 Nd7 49. Rf4 Qb2+ 50. Kg1 Qc1+ 51. Rf1 Qe3+ 52. Kh2 Qe5+ 53.
Kg1 c6 54. Rf5 Qd4+ 55. Kh2 Qxb4 56. Qg5 d5 57. Rf7 Qd6+ 58. Kg1 Qe5 59. Qg8+
Re8 60. Qh7 Qd4+ 61. Kh2 Nf6 62. Qh3 Qe5+ 63. Kg1 Qd4+ 64. Kh2 Ng4+ 65. Kg3 Rg8
66. Qh4+ Nf6+ 67. Kh3 Qxh4+ 0-1

[Event "TCh-CHN"]
[Site "Guangzhou CHN"]
[Date "2010.10.14"]
[Round "14"]
[White "Xiu, Deshun"]
[Black "Gao, Rui"]
[Result "1/2-1/2"]
[BlackTitle "IM"]
[WhiteElo "2493"]
[BlackElo "2464"]
[WhiteTeam "BEIJING Aigo"]
[BlackTeam "China Mobile CHONGQING"]
[WhiteFideId "8603693"]
[BlackFideId "8602387"]
[EventDate "2010.05.23"]

1. d4 Nf6 2. c4 g6 3. g3 Bg7 4. Bg2 O-O 5. Nc3 c5 6. dxc5 Na6 7. e4 Nxc5 8. e5
Ne8 9. Be3 Ne6 10. f4 d6 11. Nf3 dxe5 12. fxe5 Bd7 13. Qb3 Bc6 14. Nd5 b5 15.
Rd1 bxc4 16. Qxc4 Bxd5 17. Rxd5 Qc7 18. Qxc7 N8xc7 19. Ra5 a6 20. b3 Rad8 21.
Bf1 f6 22. Bc4 Kh8 23. O-O fxe5 24. Nxe5 Rxf1+ 25. Kxf1 Rf8+ 26. Ke2 Rf5 27. Nc6
Rxa5 28. Nxa5 Nd4+ 29. Kd3 e5 30. Bxd4 exd4 31. Nc6 h5 32. Nxd4 Bf8 33. Nc6 Bc5
34. b4 Bd6 35. Kd4 Kg7 36. a4 Kh6 37. Bd3 Kg5 38. b5 axb5 39. axb5 Nxb5+ 40.
Bxb5 h4 41. Bf1 hxg3 42. h3 Kf4 43. Bg2 g5 44. Kd3 g4 45. h4 Kf5 46. Be4+ Kf6
47. Ke2 g2 48. Bxg2 Bg3 49. Ke3 Bxh4 50. Kf4 Bg5+ 51. Kxg4 Be3 52. Kf3 Bc5 53.
Ke4 Bd6 54. Na5 Bb4 55. Nc4 Bc5 56. Kd5 Bb4 57. Bh3 Bf8 58. Ne5 Bb4 59. Nd3 Bf8
60. Nf2 Ba3 61. Ne4+ Ke7 62. Bg4 Bb2 63. Bd7 Kxd7 64. Nf6+ Bxf6 1/2-1/2

[Event "TCh-CHN"]
[Site "Guangzhou CHN"]
[Date "2010.10.14"]
[Round "14"]
[White "Wang, Yu A."]
[Black "Tan, Zhongyi"]
[Result "1/2-1/2"]
[WhiteTitle "IM"]
[BlackTitle "WGM"]
[WhiteElo "2335"]
[BlackElo "2464"]
[WhiteTeam "BEIJING Aigo"]
[BlackTeam "China Mobile CHONGQING"]
[WhiteFideId "8601097"]
[BlackFideId "8603642"]
[EventDate "2010.05.23"]

1. e4 e5 2. Nf3 Nf6 3. Nc3 Nc6 4. d4 exd4 5. Nxd4 Bb4 6. Nxc6 bxc6 7. Bd3 d5 8.
exd5 cxd5 9. O-O O-O 10. Bg5 c6 11. Qf3 Be7 12. Rae1 Re8 13. h3 h6 14. Bf4 Be6
15. Ne2 Qb6 16. b3 Rad8 17. Ng3 c5 18. Bf5 Bf8 19. Be5 Nd7 20. Bc3 d4 21. Bd2
Nf6 22. Bxe6 Rxe6 23. Rxe6 Qxe6 24. Re1 Qd5 25. Ne4 Nxe4 26. Qxe4 Qd7 27. Qd3
Qd5 28. Qe4 Qd7 29. Qd3 Qd5 30. Qe4 Qd7 1/2-1/2